000 00970nam a2200253 a 4500
001 BRCA_7917
005 20190320210043.0
008 240214s2013----mx-a######---#000-0#spa-#
041 _aspa
044 _amx
050 4 _aND255
_b.I47 2013
245 1 0 _aImpulsos modernos
_bpintura en México 1840-1950
_ctexto Jaime Moreno Villarreal ; fotografía Francisco Kochen.
260 _aMéxico
_bFideicomiso Museo Dolores Olmedo Patiño
_c2013
300 _a119 p.
_bil. a color
_c30 cm.
500 _aIncluye lista de obra
500 _aCatálogo de la exposición realizada en el Museo Dolores Olmedo (Xochimilco, México, D.F.), 2013
500 _aIncluye piezas de la colección Franz Mayer: p. 43
500 _a2do. ejemplar en el Área de Investigación
650 1 4 _aPintura mexicana
_y1840-1950
_919583
650 1 4 _aPintura
_y1840-1950
_zMéxico
_919584
700 1 _aMoreno Villarreal, Jaime
_919585
700 1 _aKochen, Francisco
_eil.
_93545
942 _2lcc
_cB
999 _c7589
_d7589